| 000 | 01529cam a2200337 i 4500 | ||
|---|---|---|---|
| 001 | 42098 | ||
| 003 | Mx-PuUPA | ||
| 005 | 20260122101609.0 | ||
| 008 | 140415s2011 mx grlg 000 0 spa d | ||
| 020 | _a9786074683042 | ||
| 040 |
_aMx-PuUPA _bspa _cMx-PuUPA _dMx-PuUPA _erda |
||
| 041 | 0 | _aspa | |
| 043 | _an-mx--- | ||
| 110 | 1 |
_aMéxico. _bSuprema Corte de Justicia. _96295 _eautor |
|
| 245 | 1 | 0 |
_aCompilación de normas y criterios en materia de transparencia, acceso a la información pública y protección de datos personales de la Suprema Corte de Justicia de la Nación / _cSuprema Corte de Justicia de la Nación |
| 250 |
_aSéptima edición / _bnoviembre |
||
| 264 | 1 |
_aMéxico, D.F. : _bSuprema Corte de Justicia de la Nación, _c2011 |
|
| 300 |
_axxv, 987 páginas ; _c22 cm |
||
| 336 |
_2rdacontent _atexto _btxt |
||
| 337 |
_2rdamedia _asin medio _bn |
||
| 338 |
_2rdacarrier _avolumen _bnc |
||
| 500 | _a"Unidad de Enlace para la Transparencia". -- Cubierta y portada. | ||
| 650 | 7 |
_2armarc _aDerecho a la información _xPrincipio de publicidad |
|
| 650 | 7 |
_2armarc _aAcuerdos de la Suprema Corte de Justicia de la Nación _xCriterios |
|
| 650 | 7 |
_2armarc _aTransparencia gubernamental _vLegislación _zMéxico |
|
| 650 | 7 |
_2armarc _aProtección de datos personales _xDerecho a la intimidad personal |
|
| 651 | 4 |
_aMéxico _xSuprema Corte de Justicia de la Nación _xAcceso a la información pública |
|
| 942 |
_2ddc _cLI _h342.720662 _iC72 |
||
| 999 |
_c42098 _d42098 |
||